L'economie du transport international de marchandises, air et mer
Αποθηκεύτηκε σε:
| Κύριος συγγραφέας: | |
|---|---|
| Μορφή: | Βιβλίο |
| Γλώσσα: | French |
| Δημοσίευση: |
Paris :
Economica,
1982
|
| Θέματα: | |
| Ετικέτες: |
Προσθήκη ετικέτας
Δεν υπάρχουν, Καταχωρήστε ετικέτα πρώτοι!
|
MARC
| LEADER | 00000nam a2200000 i 4500 | ||
|---|---|---|---|
| 001 | 1/39799 | ||
| 008 | 950812s1982 fre d | ||
| 020 | |a 271780496X |c 165F | ||
| 035 | |l 10025113 | ||
| 040 | |a GR-MY-UA |b gre |e aacr | ||
| 041 | 0 | |a fre | |
| 082 | 0 | |a 380.5 |2 (19) | |
| 100 | 1 | |a Bauchet, Pierre. | |
| 245 | 1 | 0 | |a L'economie du transport international de marchandises, air et mer / |c Pierre Bauchet |
| 260 | |a Paris : |b Economica, |c 1982 | ||
| 300 | |a 587 p.; |b ill.; |c 24 cm | ||
| 504 | |a Bibliography: p. [569]-579 | ||
| 650 | 0 | 0 | |a Merchant marine. |
| 650 | 0 | 0 | |a Aeronautics, Commercial |x Freight. |
| 650 | 0 | 0 | |a Merchant marine |z France. |
| 650 | 0 | 0 | |a Aeronautics, Commercial |z France |x Freight. |
| 650 | 0 | 0 | |a Commerce. |
| 852 | |a INST |b CHIOS |e 19950812 |h 380.5 BAU |p 005200001616 |q 005200001616 |t BK |y 0 | ||
| 909 | |a Χ |b 010927 | ||